Evénements du 17 juin - Statistiques

Statistiques générales
  • Ce quiz a été pris 29 fois
  • Le résultat moyen est 8 sur 15
Statistiques - réponses
Hint Réponse % Correct
Le maréchal Pétain demande un armistice et De Gaulle quitte la France 1940
95%
Les Etats généraux deviennent Assemblée constituante en France 1789
84%
Mort de Jean-Louis Trintignant 2022
74%
Francis Drake prend possession de la Californie 1579
68%
Naissance du compositeur Igor Stravinsky 1882
63%
Naissance du général allemand Guderian 1888
58%
Naissance du cycliste Eddy Merckx 1945
58%
Naissance de la chanteuse Lio 1962
42%
Mort du couturier Gianfranco Ferré 2007
42%
Naissance de Marc Jolivet, acteur 1950
37%
Mort du dessinateur Cassandre 1968
37%
Marie Stuart est emprisonnée 1567
32%
Naissance de l'historienne Régine Pernoud 1909
26%
Dernière exécution publique en France 1939
21%
Le danseur russe Noureev demande l'asile à la France 1961
21%
Aucun quiz correspondant
Distribution des résultats
% des personnes avec chaque résultat
Percentile par nombre de réponses
Votre historique - résultats
Vous n’avez pas pris ce quiz